000 00370nam a2200157Ia 4500
003 Ost
005 20260225132538.0
008 260225s9999||||xx |||||||||||||| ||und||
040 _cfsic
041 _afre
082 _a303.48
100 _aJohn watkinson
_eAuteur
245 0 _aLa réduction de débit en audio vidéo /
245 0 _cJohn watkinson
942 _cكتاب
999 _c33363
_d33363